000 00458nam a2200157Ia 4500
005 20250129034523.0
008 240331s9999 xx 000 0 und d
020 _a
082 _bCOM
_a 954
245 0 _aCommunalism or Nationalism
260 _aChunnakam
_bThe Thirumakal press
_c1939
300 _a115 p .,
500 _aThis is addressed to the Tamils in particular and to the Ceylonese in general
700 _aPerinbanayaham, S.H.
_eedt
942 _cL
999 _c5809
_d5809